| 000 | 00656nam a2200193 a 4500 | ||
|---|---|---|---|
| 001 | 000017704 | ||
| 005 | 20200929165212.0 | ||
| 008 | 100330s1977 dr 000 0 spa d | ||
| 040 |
_aDO-SdBNP _bspa _cBNPHU |
||
| 082 |
_axxx _bC968p |
||
| 110 | 1 |
_aRepública Dominicana _bSecretaría de Estado de Agricultura _917769 |
|
| 245 | 1 | 3 | _aEl cultivo del plátano en el valle del cibao. |
| 260 |
_aSantiago de los Caballero, Republica Dominicana : _bCENDA, _c1977. |
||
| 300 |
_a20 p. ; _c21 cm. |
||
| 500 | _aIncluye notas al pie de páginas | ||
| 504 | _aIncluye bibliografías [p. 20] | ||
| 710 | 2 |
_aCentro de Desarrollo Agropecuario _938550 |
|
| 049 | _aBNPD | ||
| 999 |
_c17229 _d17229 |
||